Statistics for Cities in countries quiz

Click here to take the quiz!

General Stats

  • This quiz has been taken 31 times
  • The average score is 5 of 8

Answer Stats

Answer% Correct
Brazil
100%
United States
100%
Canada
97%
United Arab Emirates
87%
Qatar
65%
North Korea
35%
New Zealand
32%
South Africa
23%

Score Distribution

Percentile by Number Answered

Percent of People with Each Score

Your Score History

You have not taken this quiz